000 00663nam a2200217 a 4500
001 BRCA_4619
005 20190320204735.0
008 270910s1924----enka######---#000-0#eng-#
041 _aeng
044 _aenk
050 4 _aNK2795
_b.B42 1924
100 1 _aBeaumunt, Roberts
_d1862-1924
_911693
245 1 0 _aCarpets and Rugs
_cby Roberts Beaumont.
260 _aLondres
_bScott, Greenwood
_c1924
300 _axv, 410 p.
_bil. (algunas a color)
_c25 cm.
500 _aIncluye índice de las ilustraciones, apéndice, lista de cuadros e índice analítico
500 _aD34
650 1 4 _aAlfombras y tapetes
_xTécnica
_911694
902 _aGFM
942 _2lcc
_cB
999 _c4324
_d4324